Statistics for Countries Through Which Equator Passes

Click here to take the quiz!

General Stats

  • This quiz has been taken 69 times
    (44 since last reset)
  • The average score is 12 of 14

Answer Stats

Answer% Correct
Ecuador
100%
Brazil
98%
Indonesia
98%
Kenya
98%
Democratic Republic Of Congo
95%
Republic of Congo
95%
Uganda
95%
Gabon
90%
Colombia
88%
Somalia
85%
Maldives
76%
Kiribati
71%
Nauru
68%
Saó Tome And Principe
68%

Score Distribution

Percentile by Number Answered

Percent of People with Each Score

Your Score History

You have not taken this quiz since the last reset